Politics of Quality in Education : A Comparative Study of Brazil, China, and Russia.

Bibliographic Details
Main Author: Kauko, Jaakko.
Other Authors: Rinne, Risto., Takala, Tuomas.
Format: eBook
Language:English
Published: Milton : Taylor & Francis Group, 2018.
Edition:1st ed.
Series:Routledge Research in International and Comparative Education Series
Subjects:
Online Access:Click to View
LEADER 01693nam a22004093i 4500
001 EBC7245269
003 MiAaPQ
005 20231204023229.0
006 m o d |
007 cr cnu||||||||
008 231204s2018 xx o ||||0 eng d
020 |a 9781351362511  |q (electronic bk.) 
020 |z 9781138559738 
035 |a (MiAaPQ)EBC7245269 
035 |a (Au-PeEL)EBL7245269 
035 |a (OCoLC)1378935318 
040 |a MiAaPQ  |b eng  |e rda  |e pn  |c MiAaPQ  |d MiAaPQ 
082 0 |a 379.158 
100 1 |a Kauko, Jaakko. 
245 1 0 |a Politics of Quality in Education :  |b A Comparative Study of Brazil, China, and Russia. 
250 |a 1st ed. 
264 1 |a Milton :  |b Taylor & Francis Group,  |c 2018. 
264 4 |c Ã2018. 
300 |a 1 online resource (229 pages) 
336 |a text  |b txt  |2 rdacontent 
337 |a computer  |b c  |2 rdamedia 
338 |a online resource  |b cr  |2 rdacarrier 
490 1 |a Routledge Research in International and Comparative Education Series 
588 |a Description based on publisher supplied metadata and other sources. 
590 |a Electronic reproduction. Ann Arbor, Michigan : ProQuest Ebook Central, 2023. Available via World Wide Web. Access may be limited to ProQuest Ebook Central affiliated libraries.  
655 4 |a Electronic books. 
700 1 |a Rinne, Risto. 
700 1 |a Takala, Tuomas. 
776 0 8 |i Print version:  |a Kauko, Jaakko  |t Politics of Quality in Education  |d Milton : Taylor & Francis Group,c2018  |z 9781138559738 
797 2 |a ProQuest (Firm) 
830 0 |a Routledge Research in International and Comparative Education Series 
856 4 0 |u https://ebookcentral.proquest.com/lib/matrademy/detail.action?docID=7245269  |z Click to View